| 000 | 01216nam a22003011 4500 | ||
|---|---|---|---|
| 001 | 20125 | ||
| 003 | CZ PrNK | ||
| 005 | 20260116145318.0 | ||
| 008 | 980623s1960 xr ||| | cze | ||
| 015 | _acnb000481394 | ||
| 020 |
_q(Váz.) : _cKčs 17,80 |
||
| 035 | _a(OCoLC)625713 | ||
| 040 |
_aABA001 _bcze _cHKA001 _dABA001 |
||
| 080 |
_a343.819.5(437.1Terezín)(084.1) _2undef |
||
| 100 | 1 |
_aTyl, Otakar _4aut |
|
| 245 | 1 | 0 |
_aTerezín / _c[autoři:] Otakar Tyl, Táňa Kulišová ; úvod: Jan Vodička ; Stanislav Neumann: Mrtví, [báseň, doslov] ; na cizojazyčných textech spoluprac. [kol.] |
| 250 | _a2. vyd. | ||
| 260 |
_aPraha : _bNaše vojsko, _c1960 _f(Polygrafia) |
||
| 300 |
_a127, [4] s. : _b[36] s. fot. příl. ; _c4° |
||
| 490 | 1 |
_aDokumenty. Edice Svazu protifašistických bojovníků ; _vSv. 85 |
|
| 500 | _aSouběž. rus., franc., angl. a něm. souhrn a vysvětl. k fot. příl. | ||
| 500 | _a10000 výt. | ||
| 700 | 1 |
_aKulišová, Táňa _4aut |
|
| 830 | 0 | _aDokumenty, edice Svazu protifašistických bojovníků | |
| 856 | 4 | 1 |
_uhttp://krameriusndk.nkp.cz/search/handle/uuid:b84a1e30-4f70-11ed-ad9c-5ef3fc9bb22f _yDigitalizovaný dokument |
| 910 | _aABA001 | ||
| 942 |
_2ddc _cOLDO _n0 |
||
| 999 |
_c20125 _d20125 |
||